Образы культуры в повести И. С. Тургенева "Ася"; Актуальные проблемы лингвистики, литературоведения и журналистики; Ч. 1: Лингвистика и литературоведение

Podrobná bibliografie
Parent link:Актуальные проблемы лингвистики, литературоведения и журналистики: Материалы научно-методической конференции молодых ученых, 11-12 апреля 2003 г., Томск/ Томский государственный университет.— , 2003-
Ч. 1: Лингвистика и литературоведение.— 2003.— С. 7-10
Hlavní autor: Артамонова А. А.
Další autoři: Доманский В. А. (научный руководитель)
Jazyk:ruština
Vydáno: 2003
Médium: Kapitola
KOHA link:https://koha.lib.tpu.ru/cgi-bin/koha/opac-detail.pl?biblionumber=316752

MARC

LEADER 00000naa2a2200000 4500
001 316752
005 20231101015508.0
035 |a (RuTPU)RU\TPU\book\342220 
035 |a RU\TPU\book\157500 
090 |a 316752 
100 |a 20160328d2003 k y0rusy50 ca 
101 0 |a rus 
102 |a RU 
200 1 |a Образы культуры в повести И. С. Тургенева "Ася"  |f А. А. Артамонова  |g науч. рук. В. А. Доманский 
320 |a Библиогр.: 2 назв. 
461 1 |0 (RuTPU)RU\TPU\book\74229  |t Актуальные проблемы лингвистики, литературоведения и журналистики  |o Материалы научно-методической конференции молодых ученых, 11-12 апреля 2003 г., Томск  |f Томский государственный университет  |d 2003- 
463 0 |0 (RuTPU)RU\TPU\book\73662  |t Ч. 1: Лингвистика и литературоведение  |v С. 7-10  |d 2003  |p 298 с. 
700 1 |a Артамонова  |b А. А. 
702 1 |a Доманский  |b В. А.  |4 727 
801 1 |a RU  |b 63413507  |c 20081015  |g PSBO 
801 2 |a RU  |b 63413507  |c 20160328  |g RCR 
942 |c BK